[Event "ENCI Limburg-open B"]
[Site "Maastricht"]
[Date "2008.05.10"]
[Round "2"]
[White "Camps, Jeroen"]
[Black "Van Liempt, Michael"]
[Result "1-0"]
[WhiteElo "1447"]
[BlackElo "1788"]
[PlyCount "141"]
[EventDate "2008.05.09"]
[EventType "swiss"]
[EventRounds "7"]
[EventCountry "NED"]
[Source "P.Boonen"]
[SourceDate "2010.01.01"]

1. d4 Nf6 2. c4 g6 3. Nc3 Bg7 4. e4 d6 5. f3 O-O 6. Be3 e5 7. d5 a5 8. Bd3 Nbd7
9. Nge2 Nc5 10. Bc2 Ne8 11. O-O f5 12. exf5 Bxf5 13. Bxf5 Rxf5 14. Bxc5 dxc5
15. Ne4 Nd6 16. N2g3 Rf7 17. Qb3 b6 18. Nxd6 Qxd6 19. Ne4 Qe7 20. Rad1 a4 21.
Qc2 h6 22. Rd3 Qd7 23. Rfd1 g5 24. d6 c6 25. Ra3 g4 26. fxg4 Qxg4 27. Rg3 Qf5
28. Qd3 Rd8 29. Rf3 Qe6 30. Rxf7 Qxf7 31. Qc2 Qg6 32. Qd3 Qf7 33. d7 Qe6 34.
Qg3 Kh8 35. Rd6 Qxc4 36. Qh4 Qc1+ 37. Kf2 Qf4+ 38. Qxf4 exf4 39. b3 a3 40. Nd2
Be5 41. Rxh6+ Kg7 42. Rxc6 Rxd7 43. Nf3 Bd4+ 44. Ke2 Re7+ 45. Kd1 Be3 46. Rxb6
c4 47. Rb4 cxb3 48. Rxb3 Rd7+ 49. Ke2 Rc7 50. Ne1 Re7 51. Nf3 Rc7 52. Kd3 Rd7+
53. Kc2 Rc7+ 54. Rc3 Rxc3+ 55. Kxc3 Bc5 56. Ne5 Bd6 57. Nc4 Bc5 58. Kb3 Kg6 59.
Nxa3 Bg1 60. h3 Kg5 61. Nb5 Kh4 62. Nc3 Kg3 63. Ne2+ Kxg2 64. Nxf4+ Kf3 65. Nd3
Kg3 66. a4 Kxh3 67. a5 Kg4 68. Kb4 Kf5 69. Nc5 Bh2 70. Kb5 Bb8 71. Kb6 1-0

[Event "ENCI Limburg-open B"]
[Site "Maastricht"]
[Date "2008.05.10"]
[Round "2"]
[White "Chan, Alexander"]
[Black "Gunther, Marcella"]
[Result "0-1"]
[WhiteElo "1259"]
[BlackElo "1628"]
[PlyCount "68"]
[EventDate "2008.05.09"]
[EventType "swiss"]
[EventRounds "7"]
[EventCountry "NED"]
[Source "P.Boonen"]
[SourceDate "2010.01.01"]

1. e4 e5 2. Nf3 Nc6 3. Bc4 Bc5 4. O-O Nf6 5. d3 h6 6. c3 d5 7. exd5 Nxd5 8.
Nbd2 O-O 9. Ne4 Be7 10. Qb3 Na5 11. Qc2 f5 12. Ned2 Bf6 13. Nb3 Nxc4 14. dxc4
Nb6 15. Be3 Nxc4 16. Bc5 Rf7 17. Rad1 Qe8 18. Qe2 Be6 19. Nfd2 Nxb2 20. Rb1 Na4
21. Rfe1 Nxc3 22. Qh5 Nxb1 23. Rxb1 b6 24. Be3 f4 25. Ne4 fxe3 26. Nxf6+ gxf6
27. fxe3 Rg7 28. Qf3 c6 29. Qxf6 Bd5 30. g3 Qh5 31. Rf1 Rf7 32. Qd6 Rxf1+ 33.
Kxf1 Qd1+ 34. Kf2 Rf8+ 0-1

[Event "ENCI Limburg-open B"]
[Site "Maastricht"]
[Date "2008.05.10"]
[Round "2"]
[White "Chappin, Rene"]
[Black "Sharifi Shamili, Ashkan"]
[Result "0-1"]
[WhiteElo "1700"]
[BlackElo "1356"]
[PlyCount "54"]
[EventDate "2008.05.09"]
[EventType "swiss"]
[EventRounds "7"]
[EventCountry "NED"]
[Source "P.Boonen"]
[SourceDate "2010.01.01"]

1. e4 d6 2. d4 g6 3. c3 Bg7 4. f4 Nf6 5. e5 dxe5 6. fxe5 Nd5 7. Bc4 O-O 8. Nf3
c6 9. O-O Qb6 10. Qe2 h6 11. Na3 Na6 12. b4 Nxc3 13. Qd3 Nd5 14. Bxd5 cxd5 15.
b5 Nc7 16. Bd2 Bd7 17. Bb4 Rfe8 18. Rf2 Nxb5 19. Rb2 a6 20. Bd2 Rac8 21. Nc2
Bf5 22. Qb3 Bxc2 23. Rxc2 Rxc2 24. Qxc2 Nxd4 25. Rb1 Nxf3+ 26. Kh1 Qf2 27. gxf3
Bxe5 0-1

[Event "ENCI Limburg-open B"]
[Site "Maastricht"]
[Date "2008.05.10"]
[Round "2"]
[White "Coenjaerts, Rene"]
[Black "Slangen Knuit, Dien"]
[Result "1-0"]
[WhiteElo "1696"]
[BlackElo "1297"]
[PlyCount "63"]
[EventDate "2008.05.09"]
[EventType "swiss"]
[EventRounds "7"]
[EventCountry "NED"]
[Source "P.Boonen"]
[SourceDate "2010.01.01"]

1. e4 e5 2. Nf3 d6 3. d4 exd4 4. Nxd4 Nf6 5. Nc3 Be7 6. Bc4 O-O 7. O-O Nbd7 8.
a3 Ne5 9. Ba2 Re8 10. f3 b6 11. Be3 a5 12. Qd2 Ba6 13. Rfd1 Bc4 14. Qf2 Rc8 15.
Bf4 Ng6 16. Bg3 Bxa2 17. Nxa2 c5 18. Nf5 Rc6 19. e5 Nh5 20. exd6 Bf6 21. c3
Nxg3 22. hxg3 Re5 23. g4 Bg5 24. Re1 Bf4 25. Rad1 Rxe1+ 26. Qxe1 h6 27. Ne7+
Nxe7 28. dxe7 Qe8 29. Rd8 Re6 30. Rxe8+ Kh7 31. Qxe6 fxe6 32. Rc8 1-0

[Event "ENCI Limburg-open B"]
[Site "Maastricht"]
[Date "2008.05.10"]
[Round "2"]
[White "Cox, Jan"]
[Black "Roemhild, Wolfgang"]
[Result "0-1"]
[WhiteElo "1477"]
[BlackElo "1734"]
[PlyCount "50"]
[EventDate "2008.05.09"]
[EventType "swiss"]
[EventRounds "7"]
[EventCountry "NED"]
[Source "P.Boonen"]
[SourceDate "2010.01.01"]

1. e4 e5 2. Nf3 Nc6 3. Nc3 d6 4. d4 Bd7 5. d5 Nce7 6. Be2 Ng6 7. O-O Be7 8. Be3
Nf6 9. h3 O-O 10. Qd2 Nh5 11. Nxe5 dxe5 12. Bxh5 f5 13. exf5 Bxf5 14. Be2 Nf4
15. Bc4 Kh8 16. Bxf4 exf4 17. Bd3 f3 18. g4 Bd6 19. Rfc1 Qh4 20. Bf1 Bxg4 21.
Ne4 Bf4 22. Qe1 Bxh3 23. Ng3 Rae8 24. Qb4 Bxf1 25. Nxf1 Bh2+ 0-1

[Event "ENCI Limburg-open B"]
[Site "Maastricht"]
[Date "2008.05.10"]
[Round "2"]
[White "Daemen, Jules"]
[Black "Van Oirschot, Kees"]
[Result "1-0"]
[WhiteElo "1595"]
[BlackElo "1807"]
[PlyCount "97"]
[EventDate "2008.05.09"]
[EventType "swiss"]
[EventRounds "7"]
[EventCountry "NED"]
[Source "P.Boonen"]
[SourceDate "2010.01.01"]

1. d4 Nf6 2. c4 e6 3. Nc3 Bb4 4. Bg5 c5 5. a3 Bxc3+ 6. bxc3 Qa5 7. Qd3 Ne4 8.
Bd2 Nxd2 9. Qxd2 Nc6 10. Nf3 Qa4 11. e3 Na5 12. Qd1 Qxd1+ 13. Rxd1 b6 14. d5
Ba6 15. Nd2 O-O 16. Be2 Rac8 17. e4 f5 18. e5 exd5 19. cxd5 Bxe2 20. Kxe2 f4
21. Rhe1 Rce8 22. Kd3 Rf5 23. Nf3 g5 24. Ke4 Ref8 25. h3 Nc4 26. Re2 h5 27. Kd3
Na5 28. c4 Kg7 29. Kc3 g4 30. Nd2 f3 31. gxf3 gxf3 32. Re3 h4 33. Rg1+ Kh6 34.
Rg4 Kh5 35. Ree4 Rg5 36. Rxh4+ Kg6 37. e6 dxe6 38. Rxe6+ Kg7 39. Re7+ Rf7 40.
Rh7+ Kxh7 41. Rxf7+ Kg8 42. Rxa7 Rg2 43. Ne4 Rg1 44. Nf6+ Kf8 45. Nd7+ Ke8 46.
Nxb6 Rg2 47. Rxa5 Rxf2 48. d6 Rd2 49. Kxd2 1-0

[Event "ENCI Limburg-open B"]
[Site "Maastricht"]
[Date "2008.05.10"]
[Round "2"]
[White "De Jong, Ti"]
[Black "Lenaerts, Lennert"]
[Result "0-1"]
[WhiteElo "1533"]
[BlackElo "1304"]
[PlyCount "138"]
[EventDate "2008.05.09"]
[EventType "swiss"]
[EventRounds "7"]
[EventCountry "NED"]
[Source "P.Boonen"]
[SourceDate "2010.01.01"]

1. e4 d5 2. exd5 Nf6 3. Bc4 Nxd5 4. d4 Nc6 5. Ne2 Bg4 6. Be3 Nxe3 7. fxe3 e6 8.
a3 Bd6 9. Qd2 Qh4+ 10. g3 Qh5 11. Nbc3 O-O-O 12. O-O-O e5 13. Rdf1 f6 14. d5
Ne7 15. Kb1 a6 16. Ne4 Bf3 17. Nxd6+ Rxd6 18. Nc3 Bxh1 19. Rxh1 f5 20. e4 Qg4
21. Qe3 Kb8 22. Rf1 Rf8 23. Bb3 g5 24. exf5 Rxf5 25. Rxf5 Qxf5 26. Bc4 h6 27.
Bd3 Qd7 28. Qxe5 Nxd5 29. Ne4 Re6 30. Nc5 Qd6 31. Qxe6 Qxc5 32. Qxh6 Qg1+ 33.
Ka2 Qe3 34. Qg6 Qe5 35. Qh6 Qe7 36. Qh8+ Ka7 37. Qd4+ Nb6 38. g4 Qe6+ 39. b3
Qe7 40. Qf2 Kb8 41. Qf3 Ka7 42. h3 Kb8 43. Be4 c6 44. a4 Qd8 45. Qf5 Nd5 46.
Qe5+ Ka8 47. Kb2 Ka7 48. Qd4+ Kb8 49. c4 Qf6 50. Qxf6 Nxf6 51. Bg2 c5 52. Kc3
Kc7 53. Kd3 a5 54. Bf3 b6 55. Bg2 Kd6 56. Bf3 Ke5 57. Ke3 Ne8 58. Bc6 Nc7 59.
Bg2 Ne6 60. Bf3 Nf4 61. h4 gxh4 62. Bh1 Ne6 63. Be4 h3 64. g5 Nxg5 65. Bd5 Ne6
66. Kd2 h2 67. Kc3 Nf4 68. Bf3 Ne2+ 69. Kd2 Ng3 0-1

[Event "ENCI Limburg-open B"]
[Site "Maastricht"]
[Date "2008.05.10"]
[Round "2"]
[White "De Lange, Gerard"]
[Black "Liston, Mike"]
[Result "0-1"]
[WhiteElo "1611"]
[BlackElo "1812"]
[PlyCount "96"]
[EventDate "2008.05.09"]
[EventType "swiss"]
[EventRounds "7"]
[EventCountry "NED"]
[Source "P.Boonen"]
[SourceDate "2010.01.01"]

1. c4 e5 2. Nc3 Nf6 3. e3 d6 4. d4 Be7 5. Bd3 O-O 6. Nge2 exd4 7. Nxd4 d5 8.
O-O c5 9. Nf5 Bxf5 10. Bxf5 dxc4 11. Qe2 Qc7 12. Qxc4 Nc6 13. a3 a6 14. Qe2
Rfe8 15. Bd2 Bd6 16. h3 Nd4 17. Qd3 Nxf5 18. Qxf5 Rad8 19. Rad1 b5 20. f4 c4
21. Rf3 Qc5 22. Qc2 Qb6 23. Kh2 Bc5 24. e4 Rd7 25. e5 Nd5 26. Ne4 Bd4 27. Ng5
g6 28. Ne4 Kg7 29. Qc1 Red8 30. Kh1 Ne7 31. Nf6 Rc7 32. Bc3 Rc6 33. Qd2 Nf5 34.
g4 Nh4 35. Rff1 Rcc8 36. Bxd4 Qc6+ 37. Kg1 Rxd4 38. Qf2 Rxd1 39. Rxd1 Nf3+ 40.
Kf1 Nh2+ 41. Ke2 c3 42. bxc3 Qxc3 43. Qd4 Qf3+ 44. Kd2 Nf1+ 45. Rxf1 Qxf1 46.
e6 Qc1+ 47. Ke2 Rc2+ 48. Kd3 Rd2+ 0-1

[Event "ENCI Limburg-open B"]
[Site "Maastricht"]
[Date "2008.05.10"]
[Round "2"]
[White "De Vries, Paul"]
[Black "Ghafuri, Asef"]
[Result "0-1"]
[WhiteElo "1495"]
[BlackElo "1765"]
[PlyCount "78"]
[EventDate "2008.05.09"]
[EventType "swiss"]
[EventRounds "7"]
[EventCountry "NED"]
[Source "P.Boonen"]
[SourceDate "2010.01.01"]

1. d4 e6 2. c4 c6 3. Nc3 d5 4. e3 Nf6 5. Nf3 Bb4 6. Bd3 h6 7. Qc2 c5 8. O-O
cxd4 9. exd4 Nc6 10. cxd5 Nxd5 11. Be3 Be7 12. a3 Nf6 13. Rfd1 Bd7 14. Rac1 Rc8
15. Qe2 O-O 16. Ne5 a6 17. Bb1 Bd6 18. f4 Ne7 19. Ne4 Bxe5 20. dxe5 Nfd5 21.
Nd6 Rxc1 22. Bxc1 Ng6 23. g3 Bc6 24. Be3 Nge7 25. Qd3 g6 26. h4 Nxe3 27. Qxe3
Bd5 28. Nxb7 Qb8 29. Nd6 Qxb2 30. Be4 Bxe4 31. Nxe4 Nd5 32. Qc1 Qb6+ 33. Qc5
Qb3 34. Rc1 Qf3 35. Re1 Rb8 36. Qc1 Kg7 37. Kh2 Rb3 38. a4 Ne3 39. Rxe3 Rxe3
0-1

[Event "ENCI Limburg-open B"]
[Site "Maastricht"]
[Date "2008.05.10"]
[Round "2"]
[White "De Vries, Robert"]
[Black "Westra, Siebren"]
[Result "0-1"]
[WhiteElo "1573"]
[BlackElo "1835"]
[PlyCount "38"]
[EventDate "2008.05.09"]
[EventType "swiss"]
[EventRounds "7"]
[EventCountry "NED"]
[Source "P.Boonen"]
[SourceDate "2010.01.01"]

1. d4 d5 2. c4 dxc4 3. Nc3 e5 4. e3 exd4 5. Qxd4 Qxd4 6. exd4 Bb4 7. Bxc4 Nf6
8. a3 Ba5 9. Nge2 O-O 10. O-O Bg4 11. f3 Bf5 12. Be3 Re8 13. Bf2 Nbd7 14. b4
Bb6 15. Rfe1 a5 16. b5 a4 17. Kf1 Ba5 18. Rac1 Nb6 19. Red1 Nxc4 0-1

[Event "ENCI Limburg-open B"]
[Site "Maastricht"]
[Date "2008.05.10"]
[Round "2"]
[White "Debusschere, Helmuth"]
[Black "Vandersmissen, Hans"]
[Result "1-0"]
[WhiteElo "1815"]
[BlackElo "1530"]
[PlyCount "83"]
[EventDate "2008.05.09"]
[EventType "swiss"]
[EventRounds "7"]
[EventCountry "NED"]
[Source "P.Boonen"]
[SourceDate "2010.01.01"]

1. e4 d5 2. e5 Bf5 3. d4 e6 4. Nf3 a6 5. c3 c5 6. Be2 Nc6 7. O-O cxd4 8. cxd4
Bb4 9. Nc3 Nge7 10. a3 Ba5 11. Be3 O-O 12. b4 Bb6 13. Rc1 Rc8 14. Na4 Bg6 15.
Nc5 Bxc5 16. Rxc5 Nf5 17. Qd2 Nxe3 18. Qxe3 Ne7 19. Rfc1 Rxc5 20. Rxc5 Qd7 21.
Nh4 Nf5 22. Nxf5 Bxf5 23. Qc3 h6 24. Rc7 Qa4 25. Rxb7 Ra8 26. h3 Bg6 27. Rc7
Kh7 28. Kh2 a5 29. b5 Rb8 30. Rc5 Rb6 31. g3 Be4 32. f3 Bb1 33. h4 Ba2 34. h5
Bc4 35. Bd3+ g6 36. hxg6+ fxg6 37. Bc2 Bb3 38. Bxb3 Qxa3 39. Rc7+ Kg8 40. Rc8+
Kf7 41. Qc7+ Qe7 42. Qxb6 1-0

[Event "ENCI Limburg-open B"]
[Site "Maastricht"]
[Date "2008.05.10"]
[Round "2"]
[White "Doossche, Carlo"]
[Black "Heuts, Guido"]
[Result "1/2-1/2"]
[WhiteElo "1836"]
[BlackElo "1498"]
[PlyCount "39"]
[EventDate "2008.05.09"]
[EventType "swiss"]
[EventRounds "7"]
[EventCountry "NED"]
[Source "P.Boonen"]
[SourceDate "2010.01.01"]

1. c4 c6 2. Nc3 d5 3. d4 Nf6 4. Nf3 Bf5 5. e3 e6 6. Be2 Be7 7. O-O h6 8. Ne5
Nbd7 9. cxd5 exd5 10. Bd3 Bxd3 11. Nxd3 O-O 12. Qf3 Bd6 13. b3 Re8 14. Bb2 Ne4
15. Rfd1 Ndf6 16. Ne5 Bxe5 17. dxe5 Rxe5 18. Nxe4 Rxe4 19. Bxf6 Qxf6 20. Qxf6
1/2-1/2

[Event "ENCI Limburg-open B"]
[Site "Maastricht"]
[Date "2008.05.10"]
[Round "2"]
[White "Drose, Daniela"]
[Black "Knof, Henrike"]
[Result "1-0"]
[WhiteElo "1735"]
[BlackElo "1422"]
[PlyCount "37"]
[EventDate "2008.05.09"]
[EventType "swiss"]
[EventRounds "7"]
[EventCountry "NED"]
[Source "P.Boonen"]
[SourceDate "2010.01.01"]

1. c4 e5 2. Nc3 Nc6 3. Nf3 Nf6 4. g3 d5 5. cxd5 Nxd5 6. Bg2 Be6 7. d3 f6 8. a3
Qd7 9. Qc2 Bd6 10. b4 O-O 11. O-O Bh3 12. Nxd5 g5 13. e4 h5 14. Qd2 Bxg2 15.
Kxg2 h4 16. Nxg5 fxg5 17. Qxg5+ Kf7 18. Qh5+ Ke6 19. Qg6+ 1-0

[Event "ENCI Limburg-open B"]
[Site "Maastricht"]
[Date "2008.05.10"]
[Round "2"]
[White "Erin, Igor"]
[Black "Roelofs, Eric"]
[Result "1-0"]
[WhiteElo "1703"]
[BlackElo "1415"]
[PlyCount "75"]
[EventDate "2008.05.09"]
[EventType "swiss"]
[EventRounds "7"]
[EventCountry "NED"]
[Source "P.Boonen"]
[SourceDate "2010.01.01"]

1. e4 e5 2. Nf3 d6 3. Bc4 Be7 4. d4 exd4 5. c3 Bf6 6. cxd4 Qe7 7. O-O Nc6 8.
Nc3 Bg4 9. Nd5 Qd7 10. Nxf6+ gxf6 11. Bb5 d5 12. Re1 O-O-O 13. Qb3 Nge7 14. e5
Bxf3 15. Qxf3 f5 16. Bg5 Qe6 17. Bxc6 Nxc6 18. Bxd8 Kxd8 19. Qc3 Rg8 20. Rac1
Qg6 21. g3 Kd7 22. b4 Rc8 23. b5 Nb8 24. Qc5 c6 25. Qxa7 Kd8 26. Qxb7 Qe6 27.
Qb6+ Kd7 28. Qc5 Qe7 29. bxc6+ Rxc6 30. Qa7+ Ke6 31. Qxb8 Rxc1 32. Rxc1 f4 33.
Qc8+ Qd7 34. Rc6+ Ke7 35. Rc7 Qxc7 36. Qxc7+ Ke6 37. g4 h5 38. Qd6# 1-0

[Event "ENCI Limburg-open B"]
[Site "Maastricht"]
[Date "2008.05.10"]
[Round "2"]
[White "Evmentchik, Jury"]
[Black "Franssen, John2"]
[Result "0-1"]
[WhiteElo "1466"]
[BlackElo "1799"]
[PlyCount "112"]
[EventDate "2008.05.09"]
[EventType "swiss"]
[EventRounds "7"]
[EventCountry "NED"]
[Source "P.Boonen"]
[SourceDate "2010.01.01"]

1. e4 c5 2. f4 a6 3. Nf3 Nc6 4. Nc3 e6 5. d4 cxd4 6. Nxd4 Qc7 7. Be3 d6 8. Qd2
Nf6 9. O-O-O b5 10. Bxb5 axb5 11. Ndxb5 Qb8 12. Nxd6+ Bxd6 13. Qxd6 Qxd6 14.
Rxd6 Ne7 15. b3 Bb7 16. Rd4 Ng4 17. Kd2 Nc6 18. Rc4 Rd8+ 19. Ke2 Ba6 20. Kf3
Bxc4 21. Kxg4 Ba6 22. a4 Nb4 23. Rc1 Rc8 24. Bd4 f6 25. Kf3 Kf7 26. Ke3 Rhd8
27. h3 Rxc3+ 28. Bxc3 Na2 29. Ba5 Nxc1 30. Bxd8 Ne2 31. c4 Ng3 32. Kd4 Bb7 33.
Kc5 Bxe4 34. b4 Bxg2 35. h4 Ne4+ 36. Kb6 Ke8 37. Bc7 Kd7 38. c5 Nc3 39. Ka5
Kxc7 40. b5 Kb7 41. c6+ Bxc6 42. bxc6+ Kxc6 43. Kb4 Nxa4 44. Kxa4 Kd5 45. Kb4
Ke4 46. f5 Kxf5 47. Kc4 Kg4 48. Kd4 Kxh4 49. Ke4 g5 50. Kf3 Kh3 51. Kf2 Kh2 52.
Kf3 h5 53. Kf2 g4 54. Kf1 g3 55. Ke2 g2 56. Kf2 g1=Q+ 0-1

[Event "ENCI Limburg-open B"]
[Site "Maastricht"]
[Date "2008.05.10"]
[Round "2"]
[White "Frijns, Raoul"]
[Black "Suilen, Willem"]
[Result "1-0"]
[WhiteElo "1680"]
[BlackElo "1570"]
[PlyCount "95"]
[EventDate "2008.05.09"]
[EventType "swiss"]
[EventRounds "7"]
[EventCountry "NED"]
[Source "P.Boonen"]
[SourceDate "2010.01.01"]

1. d4 d5 2. c4 e6 3. Nc3 Nf6 4. Bg5 Be7 5. Nf3 Nbd7 6. e3 O-O 7. Rc1 b6 8. cxd5
exd5 9. Bd3 c5 10. dxc5 Nxc5 11. Bb5 Bb7 12. O-O Rc8 13. Qe2 a6 14. Bd3 Nfe4
15. Bxe7 Nxc3 16. Bxh7+ Kh8 17. Rxc3 Qxe7 18. Bf5 Rcd8 19. Nd4 g6 20. Bb1 Kg7
21. Qg4 Qf6 22. Qf3 Qe5 23. Rfc1 a5 24. a3 Ba6 25. Nc6 Qd6 26. Nxd8 Rxd8 27. h3
Bc4 28. Rd1 Na4 29. Rxc4 Nxb2 30. Rcd4 Nxd1 31. Qxd1 Qxa3 32. Ra4 Qb2 33. Qd4+
Qxd4 34. Rxd4 f5 35. Ba2 Kf6 36. Rxd5 Rxd5 37. Bxd5 Ke5 38. Bf7 g5 39. g3 Kf6
40. Be8 Ke7 41. Ba4 Kf6 42. Kg2 Kg6 43. Kf3 Kf6 44. g4 fxg4+ 45. Kxg4 Kg6 46.
f3 Kf6 47. e4 Kg6 48. e5 1-0

[Event "ENCI Limburg-open B"]
[Site "Maastricht"]
[Date "2008.05.10"]
[Round "2"]
[White "Gijsen, Michelle"]
[Black "Gheury, Jean Marie"]
[Result "0-1"]
[WhiteElo "1580"]
[BlackElo "1867"]
[PlyCount "20"]
[EventDate "2008.05.09"]
[EventType "swiss"]
[EventRounds "7"]
[EventCountry "NED"]
[Source "P.Boonen"]
[SourceDate "2010.01.01"]

1. e4 c6 2. d4 d5 3. exd5 cxd5 4. c4 Nf6 5. Nc3 Nc6 6. Nf3 Bg4 7. cxd5 Nxd5 8.
Bc4 e6 9. Bg5 Nxc3 10. Qc1 f6 0-1

[Event "ENCI Limburg-open B"]
[Site "Maastricht"]
[Date "2008.05.10"]
[Round "2"]
[White "Gunther, Justin"]
[Black "Sofic, Narcis"]
[Result "1-0"]
[WhiteElo "1752"]
[BlackElo "1882"]
[PlyCount "77"]
[EventDate "2008.05.09"]
[EventType "swiss"]
[EventRounds "7"]
[EventCountry "NED"]
[Source "P.Boonen"]
[SourceDate "2010.01.01"]

1. e4 c6 2. d4 d5 3. Nc3 dxe4 4. Nxe4 Bf5 5. Ng3 Bg6 6. h4 h6 7. Bf4 Nf6 8. Bd3
Bxd3 9. Qxd3 e6 10. O-O-O Bd6 11. Bxd6 Qxd6 12. Nf3 Nbd7 13. Kb1 O-O-O 14. Ne4
Qf4 15. Rhe1 Nxe4 16. Rxe4 Qc7 17. Qa3 Kb8 18. Ree1 Nf6 19. Ne5 Rd5 20. c4 Ra5
21. Qg3 Nh5 22. Qf3 Nf6 23. g4 Rf8 24. Nd3 Rd8 25. Nc5 Qb6 26. g5 hxg5 27. hxg5
Nd7 28. Qxf7 Nxc5 29. dxc5 Qc7 30. Qxc7+ Kxc7 31. Rxd8 Kxd8 32. Rxe6 Rxc5 33.
Rg6 Rxc4 34. Rxg7 Rf4 35. Rxb7 Rxf2 36. g6 Rg2 37. g7 Ke8 38. Rxa7 c5 39. a4
1-0

[Event "ENCI Limburg-open B"]
[Site "Maastricht"]
[Date "2008.05.10"]
[Round "2"]
[White "Heijenrath, Jan"]
[Black "Van Ginneken, Jeroen"]
[Result "1-0"]
[WhiteElo "1821"]
[BlackElo "1597"]
[PlyCount "43"]
[EventDate "2008.05.09"]
[EventType "swiss"]
[EventRounds "7"]
[EventCountry "NED"]
[Source "P.Boonen"]
[SourceDate "2010.01.01"]

1. d4 f5 2. Nf3 e6 3. g3 b6 4. Bg2 Bb7 5. O-O Nf6 6. c4 Be7 7. Nc3 O-O 8. Bf4
d6 9. Re1 Qe8 10. Ng5 Bxg2 11. Kxg2 Qc6+ 12. d5 exd5 13. cxd5 Qd7 14. Ne6 Rf7
15. Qd3 Nh5 16. Be3 c6 17. Rac1 cxd5 18. Nxd5 Qxe6 19. Nc7 Qd7 20. Qd5 Na6 21.
Qxa8+ Rf8 22. Qd5+ 1-0

[Event "ENCI Limburg-open B"]
[Site "Maastricht"]
[Date "2008.05.10"]
[Round "2"]
[White "Hein, Andreas"]
[Black "Tutenel, Eric"]
[Result "1-0"]
[WhiteElo "1637"]
[BlackElo "1587"]
[PlyCount "38"]
[EventDate "2008.05.09"]
[EventType "swiss"]
[EventRounds "7"]
[EventCountry "NED"]
[Source "P.Boonen"]
[SourceDate "2010.01.01"]

1. e4 e5 2. f4 exf4 3. Nf3 g5 4. Bc4 Nc6 5. O-O g4 6. c3 gxf3 7. Qxf3 Qg5 8. d4
d6 9. Bxf4 Qf6 10. e5 Qf5 11. exd6 Bxd6 12. Qe2+ Be7 13. Be5 Qg5 14. Bxh8 Bg4
15. Bxf7+ Kd7 16. Qd2 Qh4 17. Be5 Bg5 18. Bf4 Bxf4 19. Qxf4 Rf8 1-0

[Event "ENCI Limburg-open B"]
[Site "Maastricht"]
[Date "2008.05.10"]
[Round "2"]
[White "Hendrikse, Arnoud"]
[Black "Verstraeten, Reinaert"]
[Result "0-1"]
[WhiteElo "1444"]
[BlackElo "1724"]
[PlyCount "32"]
[EventDate "2008.05.09"]
[EventType "swiss"]
[EventRounds "7"]
[EventCountry "NED"]
[Source "P.Boonen"]
[SourceDate "2010.01.01"]

1. d4 Nf6 2. c4 g6 3. Nc3 Bg7 4. e4 d6 5. Bg5 O-O 6. Nf3 c6 7. Be2 Nbd7 8. Nd2
Qc7 9. f4 Nb6 10. c5 dxc5 11. dxc5 Nbd7 12. e5 Nxc5 13. exf6 exf6 14. Bh4 Qxf4
15. Bg3 Qe3 16. Bf2 Nd3+ 0-1

[Event "ENCI Limburg-open B"]
[Site "Maastricht"]
[Date "2008.05.10"]
[Round "2"]
[White "Henrotte, Nils"]
[Black "Rieksen, Koen"]
[Result "1-0"]
[WhiteElo "1555"]
[BlackElo "1535"]
[PlyCount "63"]
[EventDate "2008.05.09"]
[EventType "swiss"]
[EventRounds "7"]
[EventCountry "NED"]
[Source "P.Boonen"]
[SourceDate "2010.01.01"]

1. e4 c5 2. c3 d6 3. d4 cxd4 4. cxd4 Nf6 5. Nc3 g6 6. Bc4 Bg7 7. Nge2 O-O 8.
O-O a6 9. Qc2 b5 10. Bb3 Bb7 11. Nf4 Nc6 12. d5 Nd4 13. Qd1 Nxb3 14. Qxb3 Nd7
15. Nd3 Rc8 16. a4 bxa4 17. Qxb7 Bxc3 18. bxc3 Rxc3 19. Qb1 Qc7 20. Bb2 Rb8 21.
Rc1 Rxc1+ 22. Qxc1 Qa5 23. Bc3 Qb5 24. Qc2 a3 25. h3 Qc4 26. f3 Rb3 27. Rc1 Nb6
28. Ba5 Qxd3 29. Qxd3 Rxd3 30. Bxb6 Rb3 31. Bd4 a2 32. Rc8# 1-0

[Event "ENCI Limburg-open B"]
[Site "Maastricht"]
[Date "2008.05.10"]
[Round "2"]
[White "Heuts, John"]
[Black "Heijltjes, Thijs"]
[Result "1-0"]
[WhiteElo "1746"]
[BlackElo "1446"]
[PlyCount "131"]
[EventDate "2008.05.09"]
[EventType "swiss"]
[EventRounds "7"]
[EventCountry "NED"]
[Source "P.Boonen"]
[SourceDate "2010.01.01"]

1. c4 e5 2. Nc3 Nf6 3. g3 Be7 4. Bg2 c6 5. Nf3 d6 6. d3 Bg4 7. O-O O-O 8. b4
Na6 9. Bd2 Nxb4 10. Rb1 c5 11. a3 Nc6 12. Rxb7 Qc8 13. Rb2 Rb8 14. Rxb8 Qxb8
15. e3 Qc7 16. Nb5 Qd7 17. Qa4 a5 18. Rb1 e4 19. dxe4 Nxe4 20. Nc3 Nxc3 21.
Bxc3 Rb8 22. Rxb8+ Nxb8 23. Qxd7 Bxd7 24. Bxa5 Nc6 25. Bc3 Bd8 26. Nd2 Ne5 27.
Bd5 Ng6 28. Ne4 Bc7 29. Ng5 Be8 30. f4 h6 31. Ne4 Ne7 32. Bb7 Bc6 33. Bxc6 Nxc6
34. Kf2 f5 35. Nd2 Kf7 36. e4 g6 37. exf5 gxf5 38. Nf1 h5 39. Ne3 Ke6 40. Kf3
Ba5 41. Bxa5 Nxa5 42. a4 Nb3 43. h3 Nd4+ 44. Kf2 Kd7 45. g4 fxg4 46. hxg4 hxg4
47. Nxg4 Nf5 48. Kf3 Kc6 49. Ne3 Ne7 50. Ke4 Kb7 51. f5 Ka6 52. f6 Ng6 53. Kd5
Ka5 54. Kxd6 Kxa4 55. Kxc5 Ka5 56. f7 Ne5 57. Kd6 Nxf7+ 58. Kd5 Kb6 59. c5+ Kc7
60. Nf5 Nd8 61. Nd4 Nb7 62. Nb5+ Kc8 63. Nd6+ Kb8 64. Nxb7 Kxb7 65. Kd6 Kc8 66.
Kc6 1-0

[Event "ENCI Limburg-open B"]
[Site "Maastricht"]
[Date "2008.05.10"]
[Round "2"]
[White "Hodenius, Frans"]
[Black "Callebaut, Giovanni"]
[Result "1-0"]
[WhiteElo "1590"]
[BlackElo "1047"]
[PlyCount "81"]
[EventDate "2008.05.09"]
[EventType "swiss"]
[EventRounds "7"]
[EventCountry "NED"]
[Source "P.Boonen"]
[SourceDate "2010.01.01"]

1. d4 Nc6 2. c4 e5 3. dxe5 Nxe5 4. e4 Nf6 5. Nc3 d6 6. Nf3 Bg4 7. Qa4+ Bd7 8.
Qd1 Nxf3+ 9. Qxf3 Bg4 10. Qg3 Qd7 11. Bd3 Nh5 12. Qe3 d5 13. cxd5 Bd6 14. f3
Nf4 15. Nb5 Nxg2+ 16. Ke2 Nxe3 17. Nxd6+ Qxd6 18. Bxe3 Bh3 19. Rac1 Qb4 20. Rc2
Qd6 21. Bf2 Qg6 22. Rg1 Qf6 23. Be1 O-O 24. Bc3 Qd6 25. Rxg7+ Kh8 26. Rg3+ f6
27. Rxh3 Rg8 28. Rxh7+ Kxh7 29. e5+ Kh6 30. exd6 Rae8+ 31. Kf2 Kg7 32. dxc7 Rh8
33. Kf1 Kf7 34. Bf5 Re7 35. Bb4 Re5 36. Be6+ Kg7 37. c8=Q Rxc8 38. Rxc8 Rh5 39.
Rc2 Rh4 40. Rg2+ Kh7 41. Bc3 1-0

[Event "ENCI Limburg-open B"]
[Site "Maastricht"]
[Date "2008.05.10"]
[Round "2"]
[White "Hoogland, Bauke"]
[Black "Glasbeek, Steven"]
[Result "1-0"]
[WhiteElo "1838"]
[BlackElo "1660"]
[PlyCount "51"]
[EventDate "2008.05.09"]
[EventType "swiss"]
[EventRounds "7"]
[EventCountry "NED"]
[Source "P.Boonen"]
[SourceDate "2010.01.01"]

1. e4 c5 2. Nc3 Nc6 3. f4 g6 4. Nf3 Bg7 5. Bb5 a6 6. Bxc6 dxc6 7. O-O e6 8. e5
Ne7 9. Ne4 O-O 10. Nxc5 Qb6 11. d4 Rd8 12. Qe2 Nf5 13. c3 h5 14. a4 a5 15. Be3
Nxe3 16. Qxe3 Qxb2 17. Rfb1 Qc2 18. Ne4 c5 19. Nxc5 Qf5 20. h3 h4 21. Nxh4 Qh5
22. Qg3 Bf8 23. Nxb7 Rd7 24. Nd6 Bxd6 25. exd6 Rxd6 26. Qf3 1-0